000 00884nam a2200253 i 4500
001 13426
003 ES-MaACL
005 20250727044715.0
007 t|
008 980309s1990 sp a |||| |bspa d
020 _a84-404-7299-4
080 _a082.2 Montal, Paula (063)
080 _a396.4(063)
245 0 4 _aUna mujer, Paula Montal, educadora de la mujer
_b: Simposio de Zaragoza, 27-30 de diciembre de 1989.
260 _aZaragoza :
_b[Religiosas de las Escuelas Pías],
_cD.L. 1990.
300 _a135 p. :
_bil. ;
_c21 cm.
490 1 _aDocumentos pedagógicos escolapios ;
_v3
600 1 4 _aMontal, Paula
_cBeata-
_vHomenajes.
_982332
650 4 _aMujeres-
_xEducación-
_vCongresos y asambleas.
_912095
710 2 _aEscolapios
_93513
830 0 0 _aDocumentos pedagógicos escolapios
_v3
_9228413
852 _aES-MaACL
_jL-20765
999 _c13426
_d13426